Biblioteca

Manual de la educación / Dirección Carlos Gispert (Registro nro. 48919)

Detalles MARC
000 -LÍDER
Campo fijo de descripción fija 003790000a22001570004500
020 ## - NÚMERO INTERNACIONAL NORMALIZADO PARA LIBROS
Número Internacional Normalizado del libro 84-494-1617-5
082 04 - NÚMERO DE CLASIFICACIÓN DECIMAL DEWEY
Número de clasificación G535m
001 - NÚMERO DE CONTROL
Campo de control 1761
100 1# - ASIENTO PRINCIPAL--NOMBRE PERSONAL
Nombre personal Gispert. Carlos
245 10 - TÍTULO
Título del Material Manual de la educación / Dirección Carlos Gispert
260 ## - PUBLICACIÓN, DISTRIBUCIÓN, ETC. (PIE DE IMPRENTA)
Lugar de publicación, distribución, etc. Barcelona : Océano
300 ## - DESCRIPCIÓN FÍSICA
Extensión 928 P.
500 ## - NOTA GENERAL
Nota General Incluye CD-ROM adjunto
650 14 - ASIENTO SECUNDARIO DE MATERIA - TERMINO TEMÁTICO
Término temático o nombre geográfico como elemento de entrada Manual de educación
942 ## - TIPO DE MATERIAL (KOHA)
Tipo de Item KOHA Z- Libro General BINCO
Existencias
Estado de Material Estado de Perdido Volumen-Parte/Tomo Estado de Dañado No para Préstamo Tomo Biblioteca de Origen Biblioteca Permanente Fecha de Adquisición Total de Préstamos Signatura Topográfica Código de Barras Última vez visto Ejemplar/Existencia Fecha de Remplazo Tipo de Material
            Biblioteca Infantil Comunitaria BINCO Biblioteca Infantil Comunitaria BINCO 29/10/2008   G535m B32237 24/11/2016 1 26/01/2016 Z- Libro General BINCO

Biblioteca FUSBC | Teléfono: (57+4) 349 88 10 Ext. 141| WhatsApp (+57) 3005338115 
E-mail: biblioteca@unisbc.edu.co | Calle 76 87-14 Robledo Palenque, Medellín, Colombia

Con tecnología Koha